| 000 | 00538cam a2200205ua 4500 | ||
|---|---|---|---|
| 001 | 8246 | ||
| 005 | 20260515114317.0 | ||
| 008 | 150113n ii |||gr||||Z||||||hin | ||
| 040 | _cMAIN | ||
| 041 | _ahin | ||
| 082 | _a891.434 | ||
| 100 |
_aRakesh, V., _eEditor. |
||
| 245 | 1 |
_aSwami Shraddhanand kee sampadkiya tippaniyan _cEdited by Vishnudutt Rakesh |
|
| 250 | _a1st. | ||
| 260 |
_aNew Delhi: _bRadhakrishna, _c1999. |
||
| 300 | _a492p. | ||
| 653 | _aEast Indo-European & Celtic literatures | ||
| 653 | _aHindi essays | ||
| 942 | _cBK | ||
| 999 |
_c7356 _d7356 |
||